书目信息 |
| 题名: |
测圆海镜今译
|
|
| 作者: | 李治 著 ;白尚恕 译 | |
| 分册: | ||
| 出版信息: | 济南 山东教育出版社 1985 |
|
| 页数: | 758页 | |
| 开本: | 20cm | |
| 丛书名: | ||
| 单 册: | ||
| 中图分类: | O11 | |
| 科图分类: | ||
| 主题词: | 古典数学 | |
| 电子资源: | ||
| ISBN: | ||
| 000 | 00659nam0 2200253 45 | |
| 001 | 0185010487 | |
| 005 | 20040914102731.7 | |
| 010 | @dCNY5.95 | |
| 091 | @a13275.18 | |
| 100 | @a19900904d1985 kemy0chiy0121 ea | |
| 101 | 0 | @achi |
| 102 | @aCN@b370000 | |
| 105 | @ay z 000yy | |
| 106 | @ar | |
| 200 | 10 | @a测圆海镜今译@Ace yuan hai jing jin yi@f(元)李治著@g白尚恕译 |
| 210 | @a济南@c山东教育出版社@d1985 | |
| 215 | @a758页@d20cm | |
| 606 | 0 | @a古典数学 |
| 690 | @aO11@v3 | |
| 701 | 0 | @a李治@Ali zhi@f元@4著 |
| 702 | 0 | @a白尚恕@Abai shang shu@4译 |
| 801 | 0 | @aCN@b深圳图书馆@c20040707 |
| 801 | 2 | @aCN@bNLC@c20040707 |
| 905 | @dO11@e13@f1@b138924 | |
| 测圆海镜今译/(元)李治著/白尚恕译.-济南:山东教育出版社,1985 |
| 758页;20cm |
| ISBN :CNY5.95 |
| ● |
| 相关链接 |
|
|
|
|
正题名:测圆海镜今译
索取号:O11/13
 
预约/预借
| 序号 | 登录号 | 条形码 | 馆藏地/架位号 | 状态 | 备注 |
| 1 | 0138923 | 001941509 | 第三借阅区/ [索取号:O11/13] | 在馆 | |
| 2 | 0138924 | 001702526 | 第二样本阅览室/ [索取号:O11/13] | 在馆 |